[Event "Helsinki op"]
[Site "Helsinki"]
[Date "1996.??.??"]
[Round "?"]
[White "Johansson, Jan"]
[Black "Sammalvuo, Tapani"]
[Result "0-1"]
[WhiteElo "2365"]
[BlackElo "2370"]

1.d4 Nf6 2.c4 e6 3.Nc3 Bb4 4.Qc2 O-O 5.a3 Bxc3+ 6.Qxc3 b6 7.Bg5 c5 8.dxc5 bxc5
9.e3 Nc6 10.Bd3 Rb8 11.Ne2 Qa5 12.O-O-O Qxc3+ 13.Nxc3 Na5 14.Bxf6 gxf6 15.Ne4 Nb3+
16.Kc2 f5 17.Nd6 Ba6 18.Kc3 Rb6 19.Bb1 Rfb8 20.Ba2 Na5 21.Rd2 Kf8 22.Rhd1 Ke7
23.f3 Nb3 24.Rd3 Na5 25.R3d2 f4 26.exf4 Nb3 27.Rf2 f5 28.Nb5 Bxb5 29.Bxb3 Bc6
30.Ba2 Ba4 31.Rb1 Bb3 32.Bxb3 Rxb3+ 33.Kc2 h5 34.Rd2 h4 35.Rd3 Rxd3 36.Kxd3 h3
37.g4 Rb3+ 38.Ke2 d5 39.cxd5 exd5 40.Kf2 Kd6 41.gxf5 c4 42.f6 Ke6 43.Re1+ Kxf6
44.Re2 d4 45.Rc2 c3 46.bxc3 dxc3 47.Kg3 Rxa3 48.Kxh3 Kf5 49.Kg3 a5 50.h4 a4
51.h5 Rb3 52.Ra2 Rb4 53.Rh2 Rc4 54.h6 c2 55.h7 c1=Q 56.Rh5+ Kg6 57.Rh6+ Kf7
58.Rf6+ Ke7  0-1

[Event "HUN-chT1 9596"]
[Site "HUN"]
[Date "1996.??.??"]
[Round "7"]
[White "Kahn, Evarth"]
[Black "Fusthy, Zsolt"]
[Result "0-1"]
[WhiteElo "2400"]
[BlackElo "2300"]

1.d4 Nf6 2.c4 e6 3.Nc3 Bb4 4.Qc2 O-O 5.Bg5 h6 6.Bh4 c5 7.dxc5 Nc6 8.e3 Qa5
9.Bxf6 gxf6 10.Ne2 Qxc5 11.a3 Qxc4 12.axb4 Nxb4 13.Qd2 Nd3+ 14.Kd1 Qb3+ 15.Qc2 Nxf2+
16.Kc1 Qxc2+ 17.Kxc2 Nxh1 18.g4 Nf2 19.Ra4 d5 20.Bg2 Ne4 21.Bxe4 dxe4 22.Nxe4 f5
23.gxf5 exf5 24.Nf6+ Kg7 25.Nh5+ Kh8 26.Nf6 Rd8 27.Rh4 Kg7 28.Nh5+ Kf8 29.Nhg3 Be6
30.Nd4 Rac8+ 31.Kd2 Ke7 32.Ke2 Rh8 33.Kf3 Rcg8 34.Ngxf5+ Bxf5 35.Nxf5+ Kf6
36.Nd6 Rg1 37.Nxb7 Rb8 38.Nc5 Rxb2 39.Rxh6+ Rg6 40.Rh4 Ra2 41.Rd4 Kg7 42.h4 Rgg2
43.Nd3 a5 44.Nf4 Rgf2+ 45.Kg4 a4 46.Kg5 Rf3 47.Rd6 f6+ 48.Kf5 Rxe3 49.Rd7+ Kh6
50.Rf7 Rf2 51.Rxf6+ Kg7 52.Ra6 a3 53.Kg5 Re5+ 54.Kg4 Re4 55.Rxa3 Rfxf4+ 56.Kg5 Rg4+
57.Kh5 Rxh4+ 58.Kg5 Reg4+ 59.Kf5 Ra4 60.Rg3+ Kf7 61.Kg5 Rhb4 62.Rh3 Kg7  0-1

[Event "HUN-chT1 9596"]
[Site "HUN"]
[Date "1996.??.??"]
[Round "7"]
[White "Jakab, Attila"]
[Black "Papp, Nandor"]
[Result "1-0"]
[WhiteElo "2030"]
[BlackElo "2135"]

1.d4 Nf6 2.c4 e6 3.Nc3 Bb4 4.Qc2 O-O 5.Nf3 c5 6.dxc5 Qa5 7.Bd2 Qxc5 8.e3 Qh5
9.Be2 Qg6 10.Bd3 Qxg2 11.Ke2 Qh3 12.Rag1 Nc6 13.Rg3 Qh5 14.Rg5 Qh6 15.Rhg1 g6
16.e4 Qg7 17.e5 Ne8 18.h4 Be7 19.Bf4 Bxg5 20.hxg5 d6 21.exd6 e5 22.Be3 Nxd6
23.Nd5 Be6 24.Nf6+ Kh8 25.Qc3 e4 26.Rh1 exd3+ 27.Kf1 Rfd8 28.Bc5 Nf5 29.Nxh7 d2
30.Nxd2 Bxc4+ 31.Kg1 Ncd4 32.Nf6+ Nh6 33.Bxd4 Be2 34.Rxh6+ Qxh6 35.gxh6 Rac8
36.Bc5 Rd3 37.Qe5  1-0

[Event "HUN-chT1 9596"]
[Site "HUN"]
[Date "1996.??.??"]
[Round "7"]
[White "Kaposztas, Miklos"]
[Black "Farago, Ivan"]
[Result "0-1"]
[WhiteElo "2310"]
[BlackElo "2515"]

1.d4 Nf6 2.c4 e6 3.Nc3 Bb4 4.Qc2 O-O 5.a3 Bxc3+ 6.Qxc3 b6 7.Nf3 Bb7 8.g3 c5
9.dxc5 Ne4 10.Qc2 Nxc5 11.Bg2 Be4 12.Qc3 Nc6 13.Be3 a5 14.O-O Qf6 15.Qxf6 gxf6
16.Rad1 Rfd8 17.Rd6 Rab8 18.Rfd1 a4 19.Bf1 Na5 20.Nd2 Bc6 21.Rd4 f5 22.Bf4 Rbc8
23.Be5 d6 24.Nf3 Ncb3 25.Rxd6 Rxd6 26.Bxd6 Rd8 27.Rd3 Be4 28.Bc7 Rxd3 29.exd3 Bxf3
30.Bxb6 Nc6 31.Bg2 Bxg2 32.Kxg2 Ne5 33.c5 Nd4 34.f4 Nxd3  0-1

[Event "HUN-chT1 9596"]
[Site "HUN"]
[Date "1996.??.??"]
[Round "10"]
[White "Kahn, Evarth"]
[Black "Bernei, Andras"]
[Result "1/2-1/2"]
[WhiteElo "2400"]
[BlackElo "2325"]

1.d4 Nf6 2.c4 e6 3.Nc3 Bb4 4.Qc2 O-O 5.a3 Bxc3+ 6.Qxc3 d6 7.Bg5 Nbd7 8.e3 b6
9.Bd3 Bb7 10.Ne2 c5 11.O-O Qc7 12.f3 Rac8 13.Qd2 cxd4 14.exd4 d5 15.Rac1 Qd6
16.Rfe1 dxc4 17.Bxc4 Nd5 18.Ng3 Rfe8 19.Ne4 Qb8 20.Bb5 Rxc1 21.Rxc1 Bc8 22.Rxc8 Qxc8
23.Nd6 Qb8 24.Bxd7 Rd8 25.Bxd8 Qxd8 26.Bxe6 fxe6 27.Nc4 h6 28.g3 Ne7 29.Ne3 Qd6
30.Kg2 Nc6 31.d5 Ne7 32.Qd4 exd5 33.b4 Qe6 34.f4 Nf5 35.Nxf5 Qxf5 36.Kf3 Qh5+
37.Ke3 Qxh2 38.Qxd5+ Kh7 39.Qd3+ Kh8 40.Ke4 Qg2+ 41.Ke5 Qc6 42.Qd8+  1/2-1/2

[Event "HUN-chT1 9596"]
[Site "HUN"]
[Date "1996.??.??"]
[Round "11"]
[White "Kovacs, Laszlo M"]
[Black "Csonkics, Tunde"]
[Result "1/2-1/2"]
[WhiteElo "2345"]
[BlackElo "2280"]

1.d4 Nf6 2.c4 e6 3.Nc3 Bb4 4.Qc2 O-O 5.a3 Bxc3+ 6.Qxc3 b6 7.Bg5 c5 8.dxc5 bxc5
9.Bxf6 Qxf6 10.Qxf6 gxf6 11.O-O-O Nc6 12.Nf3  1/2-1/2

[Event "HUN-chT1 9697"]
[Site "Hungary"]
[Date "1996.??.??"]
[Round "4"]
[White "Kahn, Evarth"]
[Black "Szilagyi, Peter"]
[Result "1/2-1/2"]
[WhiteElo "2315"]
[BlackElo "2415"]

1.d4 Nf6 2.c4 e6 3.Nc3 Bb4 4.Qc2 O-O 5.a3 Bxc3+ 6.Qxc3 b6 7.Bg5 Bb7 8.Nf3 d6
9.e3 Nbd7 10.Nd2 Rc8 11.Bd3 c5 12.O-O h6 13.Bh4 d5 14.b3 cxd4 15.exd4 Qc7
16.Bg3 Qc6 17.Be2 dxc4 18.Bf3 Nd5 19.Qxc4 f5 20.Qxc6 Rxc6 21.Be5 Rc3 22.Rfe1 Rd3
23.Ra2 Rc8 24.Nc4 Nxe5 25.dxe5 Rxb3 26.Nd6 Rc7 27.Rd2 Kf8 28.Nxb7 Rxb7 29.Bxd5 exd5
30.Rxd5 Ke7 31.e6 Rxa3 32.Rxf5 Kd6 33.Rf7 Re7 34.f4 Rxe6 35.Rd1+ Kc6 36.Rxg7 Rf6
37.Rf1 Ra4 38.f5 Kd5 39.g4 Ke5 40.Re7+ Kd6 41.Rg7 Ke5 42.h3 Rd6 43.Rg6 Rad4
44.f6 Rd1 45.Rxh6  1/2-1/2

[Event "HUN-chT1 9697"]
[Site "Hungary"]
[Date "1996.??.??"]
[Round "6"]
[White "Kahn, Evarth"]
[Black "Eperjesi, Laszlo"]
[Result "1/2-1/2"]
[WhiteElo "2315"]
[BlackElo "2395"]

1.d4 Nf6 2.c4 e6 3.Nc3 Bb4 4.Qc2 O-O 5.a3 Bxc3+ 6.Qxc3 d6 7.Nf3 Nbd7 8.e3 b6
9.Be2 Bb7 10.O-O Ne4 11.Qc2 f5 12.b4 a5 13.Bb2 Qe7 14.Nd2 Nxd2 15.Qxd2 Nf6
16.f3 axb4 17.axb4 Rxa1 18.Rxa1 Ra8 19.Rxa8+ Bxa8  1/2-1/2

[Event "ISR-chT"]
[Site "Israel"]
[Date "1996.??.??"]
[Round "2"]
[White "Alterman, Boris"]
[Black "Rechlis, Gad"]
[Result "1/2-1/2"]
[WhiteElo "2585"]
[BlackElo "2510"]

1.d4 Nf6 2.c4 e6 3.Nc3 Bb4 4.Qc2 O-O 5.a3 Bxc3+ 6.Qxc3 d6 7.Bg5 Qe7 8.e3 b6
9.Bd3 Bb7 10.Ne2 Nbd7 11.O-O c5 12.b4 Rac8 13.Qd2 Ba6 14.Rfc1 cxd4 15.exd4 h6
16.Bh4 d5 17.c5 Bxd3 18.Qxd3 bxc5 19.dxc5 a5 20.Nc3 Ne5 21.Qe2 Ng6 22.Bg3 Qd7
23.Qd1 d4 24.Na4 Nd5 25.c6 Rxc6 26.Nc5 Qe7 27.Qxd4  1/2-1/2

[Event "ISR-chT"]
[Site "Israel"]
[Date "1996.??.??"]
[Round "8"]
[White "Alterman, Boris"]
[Black "Finkel, Alexander"]
[Result "1-0"]
[WhiteElo "2585"]
[BlackElo "2500"]

1.d4 Nf6 2.c4 e6 3.Nc3 Bb4 4.Qc2 O-O 5.a3 Bxc3+ 6.Qxc3 d6 7.Bg5 Qe7 8.e3 e5
9.Bd3 h6 10.Bh4 exd4 11.Qxd4 g5 12.Bg3 Nc6 13.Qc3 Ne4 14.Bxe4 Qxe4 15.f3 Qg6
16.Ne2 b6 17.h4 Qg7 18.hxg5 hxg5 19.O-O-O Bf5 20.Be1 Qxc3+ 21.Bxc3 f6 22.Ng3 Be6
23.Rh6 Ne5 24.Bxe5 dxe5 25.Rdh1 Bxc4 26.Ne4 Kg7 27.Rh7+ Kg8 28.Nxf6+ Rxf6
29.Rh8+ Kg7 30.Rxa8 Rc6 31.Kd2 a5 32.Rc1 Kg6 33.Ke1  1-0

[Event "Jyvaskyla op"]
[Site "Jyvaskyla"]
[Date "1996.??.??"]
[Round "?"]
[White "Kilpi, Teemu"]
[Black "Keskisarja, Teemu"]
[Result "1/2-1/2"]
[WhiteElo "2175"]
[BlackElo "2275"]

1.d4 Nf6 2.c4 e6 3.Nc3 Bb4 4.Qc2 O-O 5.a3 Bxc3+ 6.Qxc3 b6 7.Bg5 c5 8.dxc5 bxc5
9.e3 d6 10.Nf3 Nbd7 11.Be2 Rb8 12.Nd2 Qb6 13.Rb1 a5 14.b3 Ba6 15.O-O d5 16.Rfc1 Rfe8
17.Bf1 e5 18.cxd5 Bxf1 19.Rxf1 Nxd5 20.Qd3 Qe6 21.Rfd1 N5b6 22.e4 a4 23.bxa4 Nxa4
24.Nc4 Rxb1 25.Rxb1 Ndb6 26.Nxb6 Nxb6 27.Qb5 Nd7 28.Rd1 h6 29.Rxd7 hxg5 30.Rd5 c4
31.Qxc4 Rc8 32.Qf1 Qg4 33.Qd1 Qxe4 34.Rd8+ Rxd8 35.Qxd8+ Kh7 36.Qd1 g4 37.a4 Qb4
38.Qa1 Qa5 39.Kf1  1/2-1/2

[Event "Karditsa"]
[Site "Karditsa"]
[Date "1996.??.??"]
[Round "7"]
[White "Atalik, Suat"]
[Black "Alterman, Boris"]
[Result "1-0"]
[WhiteElo "2535"]
[BlackElo "2585"]

1.d4 Nf6 2.c4 e6 3.Nc3 Bb4 4.Qc2 O-O 5.a3 Bxc3+ 6.Qxc3 b6 7.Bg5 Bb7 8.e3 d6
9.f3 Nbd7 10.Bd3 h6 11.Bh4 e5 12.Ne2 e4 13.fxe4 Qe8 14.e5 dxe5 15.O-O-O exd4
16.exd4 Qe3+ 17.Kb1 Rfe8 18.Rhe1 Bxg2 19.Ka2 Be4 20.Ng1 Qf4 21.Bg3 Qf5 22.Bf1 c6
23.Bh3 Qh5 24.Rf1 b5 25.d5 c5 26.cxb5 a6 27.bxa6 Nxd5 28.Qa5 N7f6 29.Bf2 Nf4
30.Qxc5 Bd5+ 31.Rxd5 N6xd5 32.Bd7 Nd3 33.Qd4 N3b4+ 34.axb4 Rxa6+ 35.Kb3 Rb8
36.Be1 Nf6 37.Bf5 Qxh2 38.Bc3 Qd6 39.Qxd6 Rxd6 40.Be5  1-0

[Event "IND-ch"]
[Site "Kasaragod"]
[Date "1996.??.??"]
[Round "1"]
[White "Babu, N Sudhakar"]
[Black "Tilak, Sharad S"]
[Result "1/2-1/2"]
[WhiteElo "2445"]
[BlackElo "2385"]

1.d4 Nf6 2.c4 e6 3.Nc3 Bb4 4.Qc2 O-O 5.a3 Bxc3+ 6.Qxc3 b6 7.Bg5 Bb7 8.f3 h6
9.Bh4 c5 10.dxc5 bxc5 11.Nh3 Nc6 12.e3 d6 13.Nf2 Qa5 14.Bxf6 gxf6 15.Ne4 Qxc3+
16.Nxc3 Rfd8  1/2-1/2

[Event "IND-ch"]
[Site "Kasaragod"]
[Date "1996.??.??"]
[Round "3"]
[White "Babu, N Sudhakar"]
[Black "Ramesh, RB."]
[Result "0-1"]
[WhiteElo "2445"]
[BlackElo "2415"]

1.d4 Nf6 2.c4 e6 3.Nc3 Bb4 4.Qc2 O-O 5.a3 Bxc3+ 6.Qxc3 b6 7.Bg5 c5 8.dxc5 bxc5
9.e3 d6 10.Bd3 Nbd7 11.Nf3 Bb7 12.Bc2 a5 13.O-O Ra6 14.Nd2 Qa8 15.f3 a4 16.Rfb1 Rb8
17.b4 axb3 18.Rxb3 Bc6 19.Rxb8+ Qxb8 20.Bh4 Ba4 21.Bd3 h6 22.Rb1 Qa8 23.Rb2 Bc6
24.Nb1 Ne5 25.Bc2 Bxf3 26.Bxf6 gxf6 27.gxf3 Qxf3 28.Rb8+ Kg7 29.Qe1 Nxc4
30.Rb3 Ne5 31.Qg3+ Qxg3+ 32.hxg3 d5 33.Kf2 Ra5 34.Rb7 d4 35.exd4 cxd4 36.a4 Rc5
37.Rb2 d3 38.Bb3 Ng4+ 39.Kf3 f5 40.Ra2 e5 41.a5 e4+ 42.Kf4 e3 43.Bd1 Rxa5
44.Rg2 Ra1 45.Bxg4 fxg4 46.Nc3 Rc1  0-1

[Event "IND-ch"]
[Site "Kasaragod"]
[Date "1996.??.??"]
[Round "9"]
[White "Babu, N Sudhakar"]
[Black "Parameswaran, Tiruchi N"]
[Result "1/2-1/2"]
[WhiteElo "2445"]
[BlackElo "2390"]

1.d4 Nf6 2.c4 e6 3.Nc3 Bb4 4.Qc2 O-O 5.a3 Bxc3+ 6.Qxc3 b6 7.Bg5 c5 8.dxc5 bxc5
9.e3 a5 10.Nf3 d6 11.Rd1 Qe7 12.Bd3 Bb7 13.Bc2 Ra6 14.Qd3 g6 15.h4 h5 16.O-O Nbd7
17.Nd2 e5 18.f4 e4 19.Qe2 Rb6 20.b3 Qe6 21.f5 Qe5 22.fxg6 fxg6 23.a4 Qb2
24.Nb1 Ng4 25.Rd2 Rxf1+ 26.Qxf1 Qe5 27.Qf4 Qb2 28.Qf1 Qe5 29.Bf4 Qf6 30.Qe1 Nde5
31.Bg5 Qe6 32.Nc3 Nxc4 33.bxc4 Qe5 34.Ne2 Qh2+ 35.Kf1 Ba6 36.Bxe4 Bxc4 37.Bd5+ Bxd5
38.Rxd5 Qh1+ 39.Ng1 Rb2 40.Rd2 Nh2+ 41.Kf2 Ng4+ 42.Kf1 Nh2+ 43.Kf2  1/2-1/2

[Event "Koszalin op"]
[Site "Koszalin"]
[Date "1996.??.??"]
[Round "8"]
[White "Stern, Rene"]
[Black "Romanov, Oleg"]
[Result "1-0"]
[WhiteElo "2445"]
[BlackElo "2405"]

1.d4 Nf6 2.c4 e6 3.Nc3 Bb4 4.Qc2 O-O 5.Bg5 c5 6.dxc5 h6 7.Bh4 Bxc5 8.Nf3 Nc6
9.e3 Be7 10.Rd1 Qa5 11.Be2 d5 12.Nd2 dxc4 13.Nxc4 Qc5 14.a3 a6 15.Na4 Qa7
16.Nab6 Rb8 17.Bg3 e5 18.Nxc8 Rbxc8 19.Qf5 e4 20.O-O Rcd8 21.b4 g6 22.Qf4 Kg7
23.Nd6 Qb8 24.b5 axb5 25.Nxb5 Qxf4 26.Bxf4 Ra8 27.h3 Ra4 28.Rd2 Na7 29.Rb1 Nxb5
30.Rxb5 Rxa3 31.Rxb7 Bc5 32.Be5 Re8 33.Bb2 Ra7 34.Rxa7 Bxa7 35.Rd7 Bc5 36.Bc4 Re7
37.Rd5 Bb4 38.Rb5 Bd6 39.Rb6 Be5 40.Bxe5 Rxe5 41.Rb7 Nd5 42.Rb5 Nxe3 43.fxe3 Rxb5
44.Bxb5 f5 45.Kf2 Kf6 46.Be8 g5 47.Bh5 f4 48.Ke2  1-0

[Event "Leon-B"]
[Site "Leon"]
[Date "1996.??.??"]
[Round "2"]
[White "Lima, Darcy"]
[Black "Izeta Txabarri, Felix"]
[Result "1-0"]
[WhiteElo "2440"]
[BlackElo "2470"]

1.d4 Nf6 2.c4 e6 3.Nc3 Bb4 4.Qc2 O-O 5.a3 Bxc3+ 6.Qxc3 Ne4 7.Qc2 f5 8.Nh3 b6
9.f3 Nf6 10.e3 c5 11.b4 Qe7 12.bxc5 bxc5 13.Be2 cxd4 14.exd4 Nc6 15.Bb2 d6
16.O-O e5 17.d5 Nd8 18.f4 e4 19.Nf2 Nb7 20.Nd1 Bd7 21.Ne3 Nc5 22.Bd4 Rfc8
23.Rab1 Qd8 24.Qc3 Kf7 25.h3 Na4 26.Qe1 Ne8 27.Qg3 Rcb8 28.Rb4 Rxb4 29.axb4 a5
30.c5 axb4 31.Nc4 g6 32.cxd6 Ng7 33.Ne5+ Kg8 34.Ra1 Nc3 35.Bxc3 bxc3 36.Rxa8 Qxa8
37.Qxc3 Be8 38.Kh2 Qa7 39.Qc8 Qe3 40.d7 Qxf4+ 41.Kh1 Qxe5 42.d8=Q Qa1+ 43.Kh2 Qe5+
44.Kh1 Qa1+ 45.Kh2 Qe5+ 46.g3 f4 47.Qdc7  1-0

[Event "Leon-B"]
[Site "Leon"]
[Date "1996.??.??"]
[Round "7"]
[White "Vera, Reynaldo"]
[Black "Izeta Txabarri, Felix"]
[Result "1-0"]
[WhiteElo "2495"]
[BlackElo "2470"]

1.d4 Nf6 2.c4 e6 3.Nc3 Bb4 4.Qc2 O-O 5.a3 Bxc3+ 6.Qxc3 b6 7.Bg5 Ba6 8.e3 d6
9.Bd3 Nbd7 10.Ne2 c5 11.b4 cxd4 12.exd4 Rc8 13.Qb3 h6 14.Bh4 e5 15.Rc1 e4
16.Bb1 d5 17.b5 dxc4 18.Rxc4 Rxc4 19.Qxc4 Bb7 20.O-O Qa8 21.Qc7 Rc8 22.Qd6 a6
23.Ng3 g5 24.Nf5 gxh4 25.Qf4 Rc3 26.Nxh6+ Kh7 27.Nxf7 Qf8 28.Qxh4+ Kg6 29.Ne5+ Nxe5
30.dxe5 Nh7 31.bxa6 Bc6 32.Bxe4+ Bxe4 33.Qxe4+ Qf5 34.Qb7 Rxa3 35.a7 Qf8
36.h4 b5 37.Rc1 Qg8 38.Rc8  1-0

[Event "Leon-B"]
[Site "Leon"]
[Date "1996.??.??"]
[Round "8"]
[White "Lima, Darcy"]
[Black "Garcia Ilundain, David"]
[Result "0-1"]
[WhiteElo "2440"]
[BlackElo "2550"]

1.d4 Nf6 2.c4 e6 3.Nc3 Bb4 4.Qc2 O-O 5.a3 Bxc3+ 6.Qxc3 b6 7.Bg5 h6 8.Bh4 Ba6
9.e3 d6 10.Bd3 Nbd7 11.Ne2 c5 12.O-O Rc8 13.Qb3 d5 14.Bxf6 Nxf6 15.Rfc1 b5
16.cxb5 c4 17.Bxc4 dxc4 18.Rxc4 Qd5 19.Rb4 Bb7 20.Qxd5 Nxd5 21.Rb3 Rc2 22.Nc1 Rfc8
23.Nd3 Nxe3 24.Ne1 Nxg2 25.Nxc2 Rxc2 26.b6 axb6 27.Rxb6 Bd5 28.a4 Nf4 29.a5 Nh3+
30.Kf1 Bf3 31.Rb3 Rxf2+ 32.Ke1 Re2+ 33.Kf1 Rxh2  0-1

[Event "Anibal op 3rd"]
[Site "Linares"]
[Date "1996.??.??"]
[Round "?"]
[White "Babu, N Sudhakar"]
[Black "Suba, Mihai"]
[Result "0-1"]
[WhiteElo "2445"]
[BlackElo "2565"]

1.d4 Nf6 2.c4 e6 3.Nc3 Bb4 4.Qc2 O-O 5.a3 Bxc3+ 6.Qxc3 b6 7.Bg5 c5 8.d5 Nxd5
9.Bxd8 Nxc3 10.Be7 Re8 11.Bxc5 bxc5 12.bxc3 Nc6 13.Nf3 Kf8 14.Kd1 d6 15.e4 e5
16.Nd2 Bd7 17.Bd3 Rab8 18.Ke2 Rb6 19.Rab1 Ke7 20.Nf1 Rxb1 21.Bxb1 Rb8 22.Nd2 Na5
23.Kd1  0-1

[Event "SWE-chB2"]
[Site "Linkoping"]
[Date "1996.??.??"]
[Round "?"]
[White "Nilsson, Mattias"]
[Black "Eriksson, Anders"]
[Result "0-1"]
[WhiteElo "2145"]
[BlackElo "2305"]

1.d4 Nf6 2.c4 e6 3.Nc3 Bb4 4.Qc2 O-O 5.a3 Bxc3+ 6.Qxc3 b6 7.Bg5 Ba6 8.e3 d6
9.Bd3 Nbd7 10.b4 c5 11.dxc5 bxc5 12.b5 Bb7 13.f3 h6 14.Bh4 a6 15.Ne2 Qb6
16.a4 axb5 17.axb5 Rxa1+ 18.Qxa1 Ra8 19.Qc3 d5 20.O-O dxc4 21.Bxc4 Nd5 22.Qb3 Qa5
23.e4 N5b6 24.Rd1 Ne5 25.Bxe6 c4 26.Qb2 Nd3 27.Qd4 fxe6 28.Bd8 Qa2 29.Nc3 Qb2
30.Qxb6 Qxc3 31.Qxb7 Qd4+ 32.Kh1 Nf2+ 33.Kg1 Nh3+ 34.Kh1 Qg1+ 35.Rxg1 Nf2+  0-1

[Event "London"]
[Site "London"]
[Date "1996.??.??"]
[Round "8"]
[White "Whiteley, Andrew J"]
[Black "McMahon, Daire"]
[Result "1-0"]
[WhiteElo "2295"]
[BlackElo "2260"]

1.d4 Nf6 2.c4 e6 3.Nc3 Bb4 4.Qc2 O-O 5.a3 Bxc3+ 6.Qxc3 b6 7.Bg5 Bb7 8.e3 d6
9.f3 Nbd7 10.Bd3 c5 11.Ne2 Re8 12.O-O e5 13.Qc2 h6 14.Bh4 Qc7 15.d5 b5 16.cxb5 Nxd5
17.Bf2 Rac8 18.b3 Qd8 19.Rfd1 Qg5 20.Qd2 N5b6 21.e4 Qxd2 22.Rxd2 Nf8 23.Bc4 Ne6
24.Bxe6 Rxe6 25.Rad1 Kf8 26.Rxd6 Rxd6 27.Rxd6 Ke7 28.Rd1 c4 29.b4 Rc7 30.Bc5+ Ke8
31.Bxb6 axb6 32.Nc3 Ke7 33.Na4 Bc8 34.Nxb6 Be6 35.a4 c3 36.a5 c2 37.Rc1 Kd6
38.Kf2 f5 39.a6 fxe4 40.fxe4 Bb3 41.a7  1-0

[Event "Makarska"]
[Site "Makarska"]
[Date "1996.??.??"]
[Round "4"]
[White "Arlandi, Ennio"]
[Black "Dizdar, Goran"]
[Result "0-1"]
[WhiteElo "2455"]
[BlackElo "2525"]

1.d4 Nf6 2.c4 e6 3.Nc3 Bb4 4.Qc2 O-O 5.a3 Bxc3+ 6.Qxc3 d6 7.g3 Nc6 8.Nf3 e5
9.dxe5 dxe5 10.Nxe5 Nxe5 11.Qxe5 Re8 12.Qc3 Ne4 13.Qf3 Bd7 14.Qh5 Bc6 15.f3 Qd4
16.e3 Nf6 17.Qg5 Bxf3 18.Be2 Qe4 19.Bxf3 Qxf3 20.Rf1 Qc6 21.b3 Qb6 22.Rxf6 Qxf6
23.Qxf6 gxf6 24.Ke2 Re4 25.Bd2 Kg7 26.Rf1 Rae8 27.Rf5 R8e5 28.Rf3 Kg6 29.Kd3 f5
30.Bc3 Re6 31.h4 Rb6 32.Kc2 Rd6 33.Bb4 Rc6 34.Bc3 a6 35.a4 Rd6 36.Ba5 Rd7
37.Bc3 Rd6 38.Ba5 Rc6 39.Bc3 Rg4 40.Kd3 Rd6+ 41.Ke2 Re6 42.Ba5 Re7 43.Bb4 Rd7
44.Bc3 f6 45.Be1 Re7 46.Bb4 Ree4 47.Ba5 Re7 48.Bb4 Re6 49.Ba5 Rc6 50.Bc3 Kf7
51.Bd4 Ke6 52.Kd3 Rd6 53.Ke2 f4 54.Rxf4 Rxf4 55.gxf4 f5 56.b4 Kd7 57.Kf3 Rh6
58.Kg3 Rg6+ 59.Kf2 Rc6 60.c5 Rh6 61.Kg3 Rg6+ 62.Kf3 Rg1 63.b5 axb5 64.axb5 Rb1
65.b6 c6  0-1

[Event "Makarska"]
[Site "Makarska"]
[Date "1996.??.??"]
[Round "7"]
[White "Arlandi, Ennio"]
[Black "Hulak, Krunoslav"]
[Result "1/2-1/2"]
[WhiteElo "2455"]
[BlackElo "2545"]

1.d4 Nf6 2.c4 e6 3.Nc3 Bb4 4.Qc2 O-O 5.a3 Bxc3+ 6.Qxc3 Ne4 7.Qc2 f5 8.Nh3 d6
9.f3 Nf6 10.e3 e5 11.dxe5 dxe5 12.Nf2 Nc6 13.b4 Qe8 14.Be2 Ne7 15.O-O Ng6
16.Bb2 Be6 17.a4 c6 18.b5 c5 19.a5 Qe7 20.Rfd1 Rad8 21.Rxd8 Rxd8 22.a6 b6
23.Rd1 Ne8 24.Rxd8 Qxd8 25.Qc3 Qd7 26.Nd3 Nd6 27.Nxe5 Nxe5 28.Qxe5 Bxc4 29.Bxc4+ Nxc4
30.Qb8+ Kf7 31.Bc3 Nd6 32.Be5 Nxb5 33.Qh8 Kg6 34.h4 h5 35.Bxg7 Qxg7 36.Qe8+ Qf7
37.Qxb5 Qe6 38.Kf2 Kf7 39.Qb2 Qf6 40.Qb3+ Ke7 41.Qc4 Kd6 42.Qa4 Qb2+ 43.Kg3 Qe5+
44.Kf2 Qe6 45.Qf4+ Kc6 46.Qb8 Qd7 47.Qa8+ Kb5 48.Qb7 Qd2+ 49.Kg3 Qxe3 50.Qxa7 f4+
51.Kh2 Qa3 52.Qb7 Qxa6 53.Qd7+ Kc4 54.Qe6+ Kc3 55.Qe5+ Kb3 56.Qxh5 c4 57.Qd5 Qa5
58.Qd1+ Kc3 59.Qc1+ Kd3 60.Qb1+ Kc3 61.Qc1+ Kb3 62.Qb1+ Ka4 63.Qc2+ Kb4  1/2-1/2

[Event "Makarska"]
[Site "Makarska"]
[Date "1996.??.??"]
[Round "9"]
[White "Arlandi, Ennio"]
[Black "Bistric, Faruk"]
[Result "1/2-1/2"]
[WhiteElo "2455"]
[BlackElo "2400"]

1.d4 Nf6 2.c4 e6 3.Nc3 Bb4 4.Qc2 O-O 5.a3 Bxc3+ 6.Qxc3 d6 7.Bg5 Nbd7 8.e3 b6
9.Bd3 c5 10.dxc5 Nxc5 11.Bc2 Ba6 12.b3 Rc8 13.Nf3 e5 14.a4 Re8 15.Qb2 Qe7
16.Rd1 h6 17.Bh4 Bb7 18.O-O Qe6 19.Ne1 Nce4 20.f3 Ng5 21.e4 a6 22.Bd3 Nh5
23.Nc2 Nf4 24.Ne3 Qg6 25.Bb1 b5 26.axb5 axb5 27.cxb5 Rc3 28.Rde1 Rec8 29.Bg3 Nd3
30.Bxd3 Rxd3 31.Nc4 Ne6 32.Na5 Ba8 33.b6 Nd4 34.Rf2 h5 35.Qb1 Rdc3 36.b7 Bxb7
37.Nxb7 h4 38.Bxh4 Rxb3 39.Qd1 Rxb7 40.f4 Rbc7 41.Bg3 f6 42.f5 Qg5 43.Bf4 Qh4
44.Bg3 Qg5 45.Bf4 exf4 46.Qxd4 Rc1 47.Rxc1 Rxc1+ 48.Rf1 f3 49.g3 Rxf1+ 50.Kxf1 Qc1+
51.Kf2 Qh1 52.Qc4+ d5 53.Qxd5+ Kh7 54.Ke3 f2 55.Kxf2 Qxh2+ 56.Kf3 Qh1+ 57.Kg4 Qb1
58.e5 fxe5 59.Qxe5 Qd1+ 60.Kg5 Qd2+ 61.Qf4 Qd8+ 62.f6 gxf6+ 63.Qxf6 Qd2+
64.Kg4 Qe2+ 65.Qf3 Qxf3+ 66.Kxf3 Kg7 67.Ke4 Kg6  1/2-1/2

[Event "Wch U14 Girls"]
[Site "Menorca"]
[Date "1996.??.??"]
[Round "3"]
[White "Cmilyte, Viktorija"]
[Black "Samborska, Marta"]
[Result "0-1"]
[WhiteElo "2180"]
[BlackElo "2115"]

1.d4 Nf6 2.c4 e6 3.Nc3 Bb4 4.Qc2 O-O 5.a3 Bxc3+ 6.Qxc3 b6 7.Nf3 Bb7 8.e3 d6
9.Be2 Nbd7 10.O-O Ne4 11.Qc2 f5 12.b4 Rf6 13.Rd1 Rh6 14.d5 e5 15.Bd3 Ndf6
16.h3 Qe8 17.Nh2 Qg6 18.f3 Ng3 19.e4 f4 20.Bxf4 exf4 21.e5 Qg5 22.exf6 gxf6
23.Ng4 Rh4 24.Re1 Rf8 25.Qc3 Bc8 26.Kf2 h5 27.Nh2 Bxh3 28.Rg1 Bd7  0-1

[Event "Metz op"]
[Site "Metz"]
[Date "1996.??.??"]
[Round "?"]
[White "Becq, Alain"]
[Black "Chaplin, Erik"]
[Result "1-0"]
[WhiteElo "1960"]
[BlackElo "2245"]

1.d4 Nf6 2.c4 e6 3.Nc3 Bb4 4.Qc2 O-O 5.Nf3 b6 6.e3 d5 7.cxd5 exd5 8.Bd3 c6
9.O-O Ba6 10.Bxa6 Nxa6 11.Qa4 Qc8 12.Ne5 b5 13.Qb3 Bd6 14.Nf3 Qf5 15.a4 b4
16.Ne2 Ne4 17.Ng3 Nxg3 18.hxg3 Rfe8 19.Bd2 Re6 20.Rfc1 Rc8 21.a5 g5 22.Qa4 Bb8
23.Bxb4 Nxb4 24.Qxb4 Rf6 25.Qb7 g4 26.e4 Qe6 27.Ng5 Qe8 28.exd5 Rc7 29.Qb3 cxd5
30.Rxc7 Bxc7 31.Qc2 h6 32.Qh7+ Kf8 33.Qh8+ Ke7 34.Re1+ Re6  1-0

[Event "Mislata op 5th"]
[Site "Mislata"]
[Date "1996.??.??"]
[Round "4"]
[White "Sospedra Sebastian, Juan"]
[Black "Oms Pallise, Josep"]
[Result "0-1"]
[WhiteElo "2270"]
[BlackElo "2395"]

1.d4 Nf6 2.c4 e6 3.Nc3 Bb4 4.Qc2 O-O 5.Nf3 b6 6.Bg5 Bb7 7.e3 c5 8.a3 Bxc3+
9.Qxc3 d6 10.dxc5 bxc5 11.Rd1 Qe7 12.Be2 a5 13.O-O Nbd7 14.a4 Ra6 15.Nd2 Qd8
16.b3 Qb6 17.Qc2 Rb8 18.Rb1 Bc6 19.Rfc1 Qb7 20.Bf3 Bxf3 21.Nxf3 Qe4 22.Qc3 Qf5
23.Bxf6 Nxf6 24.Nd2 Rb4 25.Rb2 Rab6 26.f3 Kf8 27.Nb1 Qe5 28.Qxe5 dxe5 29.Nd2 Rxa4
30.Rcc2 Ra1+ 31.Kf2 e4 32.f4 Ng4+ 33.Ke2 f5 34.h3 Nf6 35.Ra2 Rxa2 36.Rxa2 Ra6
37.Nb1 Ke7 38.Nc3 Nd7 39.Nb5 Nb8 40.Nc7 Ra7 41.Nb5 Ra6 42.Nc7 Rb6 43.Rxa5 Rxb3
44.Rxc5 Rb2+ 45.Kf1 Nd7 46.Ra5 Nb6 47.Ra7 Nxc4 48.Na6+ Kf6 49.Nc5 Nxe3+ 50.Kg1 Nxg2
51.Nd7+ Kg6 52.Nf8+ Kh6 53.Nxe6 Nh4 54.Nxg7 e3 55.Re7 Nf3+  0-1

[Event "Moravia-ch op (Women)"]
[Site "Moravia"]
[Date "1996.??.??"]
[Round "?"]
[White "Dambravaite, Rita"]
[Black "Kozlova, Olga"]
[Result "1-0"]
[WhiteElo "2145"]
[BlackElo "2055"]

1.d4 Nf6 2.c4 e6 3.Nc3 Bb4 4.Qc2 O-O 5.a3 Bxc3+ 6.bxc3 d6 7.e4 e5 8.Bd3 Qe7
9.Ne2 Nc6 10.O-O Ne8 11.f4 f6 12.Be3 Na5 13.Ng3 b6 14.Qe2 c5 15.d5 g6 16.fxe5 dxe5
17.Bh6 Rf7 18.Rf2 Ba6 19.Nf1 Nd6 20.Nd2 Rd8 21.Raf1 Ne8 22.Rf3 Rd6 23.g4 Qd7
24.R3f2 Qa4 25.Nf3 Re7 26.g5 f5 27.exf5 Bxc4 28.fxg6 Bxd3 29.Nxe5 hxg6 30.Rf8+ Kh7
31.Nf7  1-0

[Event "Moscow GM2"]
[Site "Moscow"]
[Date "1996.??.??"]
[Round "?"]
[White "Dragomarezkij, Evgeni"]
[Black "Pogorelov, Ruslan"]
[Result "1-0"]
[WhiteElo "2455"]
[BlackElo "2440"]

1.d4 Nf6 2.c4 e6 3.Nc3 Bb4 4.Qc2 O-O 5.a3 Bxc3+ 6.Qxc3 Ne4 7.Qc2 f5 8.Nh3 d6
9.f3 Nf6 10.e3 e5 11.dxe5 dxe5 12.Be2 a5 13.b3 Nc6 14.O-O Qe7 15.Nf2 Be6
16.Bb2 Nd7 17.Qc3 Rf6 18.Kh1 Rh6 19.f4 Qh4 20.Nh3 Nf6 21.b4 Ne4 22.Qe1 Qxe1
23.Rfxe1 exf4 24.b5 Nd8 25.exf4 Nf7 26.Kg1 Nfd6 27.Rac1 b6 28.Ng5 Re8 29.Be5 Re7
30.Red1 Nf7 31.Nxe4 Nxe5 32.Rd8+ Kf7 33.Ng5+ Kf6 34.c5 Ng6 35.g3 Rd7 36.Nxe6 Kxe6
37.Bc4+ Ke7 38.Rg8 Nf8 39.Re1+ Ne6 40.c6 Rd4 41.Bxe6 Rxe6 42.Rxg7+ Kd6 43.Rd7+  1-0

[Event "Moscow GM2"]
[Site "Moscow"]
[Date "1996.??.??"]
[Round "?"]
[White "Dragomarezkij, Evgeni"]
[Black "Panchenko, Alexander N"]
[Result "1/2-1/2"]
[WhiteElo "2455"]
[BlackElo "2465"]

1.d4 Nf6 2.c4 e6 3.Nc3 Bb4 4.Qc2 O-O 5.a3 Bxc3+ 6.Qxc3 d6 7.Nf3 Nbd7 8.g3 e5
9.dxe5 Nxe5 10.Nxe5 dxe5 11.Bg2 Qe7 12.O-O c6 13.b4 Re8 14.a4 Bf5 15.Bg5 Ne4
16.Bxe4 Qxg5 17.Bxf5 Qxf5 18.Rfd1 Rad8 19.Qe3 a6 20.Kg2 h5 21.Qf3 Qg4 22.b5 Qxc4
23.Rdc1 Qd5 24.e4 Qd4 25.bxc6 bxc6 26.Rd1 Qc4 27.Rdc1 Qd4 28.Rd1  1/2-1/2